Pink Pony Club - Chappell Roan (All lyrics) - Statistics

General Stats
  • This quiz has been taken 2,773 times
    1,516 since last reset
  • The average score is 327 of 395
Answer Stats
Answer % Correct
I
99%
i
99%
pink
99%
Pink
99%
pony
99%
Pony
99%
a
98%
club
98%
Club
98%
Club,
98%
club,
98%
the
98%
I'm
95%
you
95%
at
94%
dancing
93%
in
93%
on
93%
girl
92%
gonna
92%
keep
91%
and
90%
be
90%
have
89%
what
89%
done
87%
your
87%
having
86%
me
86%
my
86%
where
86%
dance
85%
hear
85%
know
85%
mama
85%
mama,
85%
Oh,
85%
oh
85%
it
84%
just
84%
to
84%
fun
83%
West
83%
can
82%
down
82%
Hollywood
82%
it's
82%
you're
82%
belong
80%
of
80%
heels
79%
Tennessee
79%
god,
78%
She
78%
she
78%
stage
78%
dreams
76%
all
75%
her
75%
scream
74%
baby
73%
boys
73%
girls
73%
LA
72%
leaving
72%
Monica
72%
SanTa
72%
Santa
72%
she's
72%
stay
72%
wanted
72%
wicked
72%
cause
71%
every
71%
make
71%
proud
70%
scene
70%
that
70%
but
69%
day
69%
place
69%
sees
68%
queens
67%
single
67%
calling
65%
special
64%
there's
64%
visions
64%
can't
63%
crazy
63%
heard
60%
won't
58%
ignore
54%
love
54%
good
52%
swear
52%
been
51%
too
49%
away,
48%
you've
48%
miles
46%
saturday
45%
always
44%
mind
44%
thousand
44%
left
43%
ball
41%
bathroom
41%
disco
41%
floor
41%
southern
40%
are
39%
door
39%
draw
39%
outside
38%
still
38%
think
38%
from
37%
why
37%
saying
36%
lovers
35%
behind
34%
don't
33%
I've
33%
line
33%
another
32%
reason
32%
night's
31%
up
30%
mirrored
27%
jaws
26%
blacklights
24%
thank
19%
year
18%
No matching quizzes found
Score Distribution
Percent of People with Each Score
Percentile by Number Answered
Your Score History
You have not taken this quiz since the last reset